| 000 | 00566nam a2200217Ia 4500 | ||
|---|---|---|---|
| 003 | IIN | ||
| 005 | 20240122163033.0 | ||
| 008 | 231217s9999 xx 000 0 und d | ||
| 020 |
_cRs.695.00 _a9788131261194 |
||
| 040 |
_aIIN _bEnglish |
||
| 082 |
_a616.9041 _bNAG |
||
| 100 | 1 | _aNagoba, B.S. | |
| 245 | 1 |
_aMedical Microbiology and Parasitology _cB.S. Nagoba and Asha Pichare |
|
| 250 | _a.-4th ed | ||
| 260 |
_bElsevier _aNew Delhi _c2020 |
||
| 300 | _axv, 829 p. | ||
| 650 | 1 | _aMicrobiology | |
| 650 | 1 | _aParasitology | |
| 700 | 1 | _aPichare, Asha | |
| 942 | _cBOOK | ||
| 999 |
_c518 _d518 |
||